| 000 | 00727cam a22002531i 4500 | ||
|---|---|---|---|
| 001 | 33285 | ||
| 003 | BD-RjUL | ||
| 005 | 20211209051959.0 | ||
| 008 | 140507s1964 enk 001 0 eng | ||
| 035 | _a(BD-RjUL)33376 | ||
| 035 | _a(OCoLC)3233986 | ||
| 040 |
_aDLC _cInES _dOCoLC _dUk _dDLC _dBD-RjUL _beng |
||
| 041 | _aeng | ||
| 082 |
_a301 _bFRO 1964 |
||
| 245 | 1 | 4 |
_aThe Frontiers of sociology / _cedited by T. R. Fyvel. |
| 260 |
_aLondon : _bCohen & West, _cc1964. |
||
| 300 |
_aviii, 107 p. ; _c19 cm. |
||
| 504 | _aIncludes bibliography (p. 104) and index. | ||
| 650 | 0 |
_aSociology. _9101083 |
|
| 700 | 1 |
_aFyvel, T. R. _q(Tosco R.), _d1907- _9101084 |
|
| 942 |
_2ddc _cBK |
||
| 999 |
_c33285 _d33285 |
||